000 nam a22 7a 4500
999 _c233236
_d233236
003 Nust
005 20170306100243.0
008 170306b xxu||||| |||| 00| 0 eng d
040 _cDLC
082 _a891.4398 JAV
245 _a3 زیروپوائنٹ
_cجاوید چودھری
260 _aLahore :
_c2007
300 _a416p. :
_c25cm
942 _2ddc
_cBK